Nghiên cứu khả năng ứng dụng trùn quế (Perionyx excavatus) để xử lý bùn thải nhà máy chế biến thủy sản thuộc khu công nghệp An nghiệp tỉnh Sóc Trăng : Báo cáo tổng kết đề tài nghiên cứu Khoa học của sinh viên

Xử lý và tận dụng bùn thải từ nhà máy chế biến thủy sản để sản xuất phân trùn quế đạt tiêu chuẩn phân hữu cơ sinh học, đồng thời sản xuất sinh khối trùn quế từ bùn thải có chất lượng thịt trùn đạt tiêu chuẩn làm thức ăn cho vật n...

Descripción completa

Guardado en:
Detalles Bibliográficos
Autor principal: Võ, Tính Thiện
Formato: Libro
Lenguaje:Undetermined
Publicado: Cần Thơ Trường Đại học Cần Thơ 2016
Materias:
Etiquetas: Agregar Etiqueta
Sin Etiquetas, Sea el primero en etiquetar este registro!
Thư viện lưu trữ: Trung tâm Học liệu Trường Đại học Cần Thơ
LEADER 01409nam a2200205Ia 4500
001 CTU_223338
008 210402s9999 xx 000 0 und d
082 |a 628.4 
082 |b Th305 
088 |a TSV2016-87 
100 |a Võ, Tính Thiện 
245 0 |a Nghiên cứu khả năng ứng dụng trùn quế (Perionyx excavatus) để xử lý bùn thải nhà máy chế biến thủy sản thuộc khu công nghệp An nghiệp tỉnh Sóc Trăng : 
245 0 |b Báo cáo tổng kết đề tài nghiên cứu Khoa học của sinh viên 
245 0 |c Võ Tính Thiện (Chủ nhiệm đề tài) ; Bùi Thị Minh Diệu (Người hướng dẫn) ; Lý Quốc Diễn (Thành viên tham gia) ... [et al.] 
260 |a Cần Thơ 
260 |b Trường Đại học Cần Thơ 
260 |c 2016 
520 |a Xử lý và tận dụng bùn thải từ nhà máy chế biến thủy sản để sản xuất phân trùn quế đạt tiêu chuẩn phân hữu cơ sinh học, đồng thời sản xuất sinh khối trùn quế từ bùn thải có chất lượng thịt trùn đạt tiêu chuẩn làm thức ăn cho vật nuôi. 
650 |a Giảm thiểu chất thải,Waste minimization 
980 |a Trung tâm Học liệu Trường Đại học Cần Thơ